000 00929nas a2200277 4500
001 BR8601604
003 BR-BrBNA
005 20231205090420.0
007 ta
008 230509b bl.|||p| |||| 00| 00por d
040 _aBR-BrBNA
_bpor
_cBiblioteca Nacional de Agricultura
041 _a(Pt)
072 _aF03
100 1 _aOliveira, P.R.P. de
100 1 _aMastrocola, M.A.
245 1 _aLongevidade das sementes de gramineas forrageiras tropicais [capim brachiaria, Brachiaria decumbens, capim coloniao, Panicum maximum, setaria, Setaria sphacelata]
246 1 _aSeed longevity of tropical forage grasses
650 _aCAPIM BRACHIARIA
650 _aCAPIM COLONIAO
650 _aSETARIA
650 _aSEMENTE
650 _aLONGEVIDADE
773 0 _tBoletim de Industria Animal (Brazil)
_xISSN 0067-9615
_g(1984), v. 41 p. 203-211
_wBR8601604
909 _a202311
_bLúcia
_c55
_dLúcia Elande
942 _2AGRIS
_n0
_cANA
999 _c118262
_d118262